000 00304nam a22001337a 4500
008 171202b xxu||||| |||| 00| 0 eng d
020 _a663997001
041 _aeng
080 _a32
100 _a18
101 _aSHP
245 _aKEYNES AND PUBLIC POLICY AFTER FIFTY YEARS
_cHAMOUDA
942 _2udc
_cBK
999 _c38728
_d38728